00469nam a22001697a 450000500170000001000150001702000260003203500140005803700090007208200090008110000300009024500490012025000060016926000340017527000700020930000200027920260529144832.0 aENG-148680 a9789347590764c225.00 aEN-132212 bDBAD aS21 aBurnett, Frances Hodgson  aThe Secret Garden/ cFrances Hodgson Burnett a1 aChandigarhbThe Browserc2026 bChandigarhaSCO 14-15, Sector 8-Ce160009mservice@thebrowser.org a209p.c20cm(pb)